Представление документа в формате MARC21

Поле Инд. ПП Название Значение
Тип записи a
Библиографический уровень m
001 Контрольный номер 2d801312-ebbf-11da-855a-00c0262f1595
005 Дата корректировки 20140703144043.7
008 Кодируемые данные 060525
040 a Служба первич. каталог. НБ ТвГУ
041 a Код языка текста rus
h Код языка оригинала ger
080 a Индекс УДК 517.97
084 a Индекс другой классификации/Индекс ББК В161.8
090 x Авторский знак З-47
a Полочн. индекс В161.8
100 1_ a Автор Зейферт Герберт Карл Иоганнес
245 00 a Заглавие Вариационное исчисление в целом [Электронный ресурс]
c Ответственность Г. Зейферт, В. Трельфалль ; пер. с нем. В. А. Рохлина
250 a Основные сведения об издании Изд. 2-е
260 0_ a Место издания Москва
a Место издания Ижевск
c Дата издания 2000
b Издательство Регулярная и хаотическая динамика
b Издательство Удмуртский гос. ун-т
300 a Объем 159, [1] с.
440 a Серия Регулярная и хаотическая динамика
490 _0 v N тома т. 14
504 a Библиография Предм. указ.: с. 155-159.
650 a Основная рубрика Вариационное исчисление
653 a Ключевые слова Вариационное исчисление
700 1_ a Другие авторы Трельфалль В.
e Роль лиц авт.
700 1_ a Другие авторы Рохлин В. А.
e Роль лиц пер.
954 a Дата поступления на обработку 20060531